00749nam a2200253 a 4500001001300000003000900013005001700022008004100039020000900080082001600089100002100105245001900126260004400145300000900189500003500198505003400233650002900267650002900296700002100325902000800346942000700354952011700361999001700478nice12345678IN_TiNIC20260116015147.0050524s1972 boma grp 000 0 eng  ac1000a201.65bALE aAlexander, Denis aBeyond Science aBombaybGospel Literature Servicec1972 a222p aincludes index and biblioraphy2 aAuthorised King James Version aChristianity and Science aApologetics-20th Century1 aAlexander, Denis bSRS cBK 001040708StackRoom-aHMIbHMId2011-04-06g10.00l0o201.65 ALEp11000720r2011-04-06v10.00w2005-05-24yBK c18553d18553